Conclusiones y recomendaciones

Guardado en:
書目詳細資料
企業作者: CSUCA
格式: Texto
出版: San José: CSUCA
標簽: 添加標簽
沒有標簽, 成為第一個標記此記錄!

MARC

LEADER 00000 a a2200000 04500
001 21459
003
040
090 |a 094700  
110 |a CSUCA  
245 |a Conclusiones y recomendaciones  
260 |a San José:   |b CSUCA  
300 |a s.p.  
999 |c 8727  |d 8727